000 00305nam a2200133Ia 4500
008 260604s9999 xx 000 0 und d
020 _a9789393285775
082 _a891.433 DAS
100 _aSHYAM SUNDAR DA
_935292
245 0 _aKABIR GRANTHAWALI(HINDI)
260 _bDPS
500 _aKabir
942 _cBK
999 _c8061
_d8061